| 000 | 00510nam a2200169Ia 4500 | ||
|---|---|---|---|
| 003 | LK-CoDNM | ||
| 008 | 010623t2010 xxu||||| |||| 00| 1 eng d | ||
| 040 |
_aLK-CoDNM _dLK-CoDNM _eLK-CoDNM |
||
| 041 | _aeng | ||
| 080 | _a294.3 NAR | ||
| 100 | _aNarada Himi,Kalugamuwe | ||
| 245 | _aදහම් දැනුම සමඟ බෞද්ධ සාරධර්ම | ||
| 246 | _aDaham Danuma Samaga Bawddha Saradharma | ||
| 260 |
_bUdaya Poth Prakashana _aGanemulla _c2010 |
||
| 300 | _b128, 21 cm | ||
| 942 | _cBK | ||
| 999 |
_c129874 _d129874 |
||